IN THE LAND OF A THOUSAND GODS A HISTORY (Record no. 28560)
[ view plain ]
| 000 -LEADER | |
|---|---|
| fixed length control field | 00313nam a2200121Ia 4500 |
| 008 - FIXED-LENGTH DATA ELEMENTS--GENERAL INFORMATION | |
| fixed length control field | 240624s9999 xx 000 0 und d |
| 041 ## - LANGUAGE CODE | |
| Language code of text/sound track or separate title | eng |
| 082 ## - DEWEY DECIMAL CLASSIFICATION NUMBER | |
| Classification number | 939.2 MAR |
| 100 ## - MAIN ENTRY--PERSONAL NAME | |
| Personal name | MAREK CHRISTIAN |
| 245 ## - TITLE STATEMENT | |
| Title | IN THE LAND OF A THOUSAND GODS A HISTORY |
| 260 ## - PUBLICATION, DISTRIBUTION, ETC. | |
| Date of publication, distribution, etc. | 2016 |
| Name of publisher, distributor, etc. | Princeton University Press |
| 365 ## - TRADE PRICE | |
| Currency code | |
| Price amount | 30 |
| Withdrawn status | Lost status | Damaged status | Not for loan | Home library | Current library | Shelving location | Date acquired | Source of acquisition | Cost, normal purchase price | Full call number | Barcode | Date last seen | Copy number | Price effective from | Koha item type |
|---|---|---|---|---|---|---|---|---|---|---|---|---|---|---|---|
| IMTN | IMTN | Rack 41-B | 03/01/2017 | RW | 49.50 | 939.2 MAR | 28560 | 06/24/2024 | 70.4 | 06/24/2024 | Books |